000 00871nam a2200289 4500
001 33815
003 BD-RjUL
005 20211209052049.0
008 140511s1953 kyua 001 0 eng
035 _a(OCoLC)ocm00503935
035 _a(NNC)4801795
_a(BD-RjUL)33906
040 _aDLC
_cCSU
_dNRC
_dOCLCQ
_dZCU
_dBD-RjUL
_beng
041 _aeng
082 _a323.35
_bSAM 1953
099 _a360.21
_aS21
100 1 _aSanders, Irwin T.
_q(Irwin Taylor),
_d1909-2005.
_9102690
245 1 0 _aMaking good communities better /
_cby Irwin T. Sanders.
250 _aRevised ed.
260 _aLexington :
_bUniversity of Kentucky Press,
_cc1953.
300 _avi,197 p. :
_billus. ;
_c24 cm.
500 _aErratum slip inserted.
504 _aIncludes index.
650 0 _aCommunity organization.
_9102691
942 _2ddc
_cBK
999 _c33815
_d33815